000 00590nam a2200229Ia 4500
003 OSt
005 20220924132251.0
006 a|||||r|||| 00| 0
007 ta
008 220923b |||||||| |||| 00| 0 hin d
024 _a39620
037 _cTextual
040 _aARTS
_cARTS
_bhin
041 _2hin
_ahin
082 _aO15:gxJ50:g, 152L2
100 _aSharma Narendra Nath
_953889
245 0 _aAppaya Diksit
260 _c1972
650 _aENGLISH LITERATURE
942 _hO15:gxJ50:g, 152L2
_cTEXL
_2CC
999 _c429844
_d429844